L’enfant vulnérable : Psychothérapie transculturelle en pays Kanak (Nouvelle-Calédonie) (notice n° 1511978)
[ vue normale ]
| 000 -LEADER | |
|---|---|
| fixed length control field | 01350cam a2200133 4500500 |
| 005 - DATE AND TIME OF LATEST TRANSACTION | |
| control field | 20251012001011.0 |
| 041 ## - LANGUAGE CODE | |
| Language code of text/sound track or separate title | fre |
| 042 ## - AUTHENTICATION CODE | |
| Authentication code | dc |
| 100 10 - MAIN ENTRY--PERSONAL NAME | |
| Personal name | Mouchenik, Yoram |
| Relator term | author |
| 245 00 - TITLE STATEMENT | |
| Title | L’enfant vulnérable : Psychothérapie transculturelle en pays Kanak (Nouvelle-Calédonie) |
| 260 ## - PUBLICATION, DISTRIBUTION, ETC. | |
| Name of publisher, distributor, etc. | La Pensée sauvage,<br/> |
| Date of publication, distribution, etc. | 2004.<br/> |
| 520 ## - SUMMARY, ETC. | |
| Summary, etc. | Ce livre présente l’enfant kanak qui naît et grandit en Nouvelle-Calédonie dans sa famille, ses langues et sa culture. Il relate le travail de psychothérapie transculturelle développé auprès des enfants en difficultés psychologiques et de leurs familles dans les tribus des îles Loyauté de Maré et d'Ouvéa. L’auteur inscrit le questionnement ethnographique au cœur de la pratique clinique. Par la description précise de trois situations d’enfants, il donne à voir les enjeux et les complexités de la société kanak, la place et le statut de l’enfant et, malgré les apparentes différences, les possibilités de soins avec les outils de l’anthropologie et de la psychanalyse. Du singulier à l'universel tel est l'objectif de ce livre qui s'adresse à tous ceux qui, ici ou ailleurs, veulent mieux comprendre et mieux soigner les enfants « vulnérables ». |
| 856 41 - ELECTRONIC LOCATION AND ACCESS | |
| Uniform Resource Identifier | <a href="https://shs.cairn.info/l-enfant-vulnerable--9782859191917?lang=fr&redirect-ssocas=7080">https://shs.cairn.info/l-enfant-vulnerable--9782859191917?lang=fr&redirect-ssocas=7080</a> |
Pas d'exemplaire disponible.




Réseaux sociaux